Paroles - Dua Lipa ft Angèle - Fever - Statistiques

Statistiques générales
  • Ce quiz a été pris 1 657 fois
    1 058 depuis la dernière actualisation
  • Le résultat moyen est 147 sur 205
Statistiques - réponses
Paroles % Correct
a
97%
à
97%
ça
97%
fever
97%
I
97%
you
95%
me
92%
got
91%
my
91%
m'y
91%
can
90%
ne
90%
je
88%
check
86%
dans
86%
se
86%
Le
85%
kiss
84%
neck
84%
so
84%
toi
83%
La
82%
la
82%
voit
82%
yeux
82%
fièvre
79%
les
79%
when
79%
baby
78%
I've
78%
oui
78%
And
77%
du
77%
Et
76%
et
76%
pas
74%
touch
73%
do
71%
temps
71%
tes
71%
Comme
70%
vois
70%
pense
69%
un
69%
no
68%
on
68%
que
68%
sais
68%
médicament
67%
partira
67%
pourtant
67%
sans
67%
suis
67%
mes
65%
moi
65%
Peut-être
65%
quand
65%
qu'avec
64%
rien
64%
voix
64%
c'est
60%
don't
60%
in
60%
plus
60%
bras
59%
forehead
59%
red
59%
turn
59%
was
57%
around
56%
Car
56%
Hand
56%
j'ai
56%
just
56%
souvent
56%
came
55%
Mon
55%
coeur
54%
fine
54%
Usually
54%
usually
54%
your
54%
Before
53%
feu
52%
mind
51%
doing
50%
perds
50%
feel
49%
eyes
48%
it
48%
looking
44%
Tell
44%
what
43%
down
42%
now
42%
right
42%
serre
42%
pay
40%
inside
38%
Suddenly
38%
suddenly
38%
wanna
35%
Cause
33%
really
29%
cool
14%
Aucun quiz correspondant
Distribution des résultats
% des personnes avec chaque résultat
Percentile par nombre de réponses
Votre historique - résultats
Vous n’avez pas pris ce quiz depuis la dernière actualisation